15 MENORES PAÍSES DO MUNDO - Statistics

Estatísticas Gerais
  • Esse quiz foi jogado 208 vezes
  • A pontuação média é 10 de 15
Estatísticas das Respostas
Tamanho Resposta % Correto
0,44km² Vaticano
100%
2km² Mônaco
89%
60,5km² San Marino
87%
453km² Andorra
81%
160km² Liechtenstein
74%
26km² Tuvalu
73%
21km² Nauru
68%
269km² São Cristóvão e Nevis
67%
388km² São Vicente e Granadinas
66%
430km² Barbados
64%
440km² Antígua e Barbuda
62%
344km² Granada
59%
316km² Malta
59%
181km² Ilhas Marshall
57%
298km² Maldivas
43%
Nenhum quiz correspondente encontrado
Distribuição das Pontuações
Porcentagem de Pessoas com Cada Pontuação
Percentil de Números Respondidos
Sua Pontuação Histórica
Você não jogou esse quiz